Instant public speaking from the heart

Bibliographic Details
Main Author: Turrell, Jim
Other Authors: Hansen, Mark Victor
Format: Book
Published: India : New Delhi , 2003
Subjects:

MARC

LEADER 00000cam a2200000 7i4500
001 0000023722
005 20081015.0
008 081015
020 |a 8126114177 
090 0 0 |a 808.5   |b TUR 
100 1 |a Turrell, Jim 
245 1 0 |a Instant public speaking from the heart   |c Jim Turrell 
260 |a India :   |b New Delhi ,   |c 2003 
650 0 |a Communication 
650 0 |a Public speaking 
700 1 |a Hansen, Mark Victor 
999 |a 0001021525   |b Book   |c Adult Collection   |e Perbadanan Perpustakaan Awam Johor